| 000 | 02185 a2200421 4500 | ||
|---|---|---|---|
| 001 | 23316367 | ||
| 003 | 0000 | ||
| 005 | 20260316111805.0 | ||
| 008 | 230913s2024 enk b 001 0 eng | ||
| 010 | _a 2023038426 | ||
| 020 | _a9781032539539 | ||
| 035 | _a23316367 | ||
| 040 |
_aDLC _beng _erda _cDLC _dDLC |
||
| 042 | _apcc | ||
| 050 | 0 | 0 | _aRT 81.5 .M37 |
| 082 | 0 | 0 |
_a610.73072 _223/eng/20231115 |
| 100 | 1 |
_aMcKenna, Lisa, _eauthor. |
|
| 245 | 1 | 0 |
_aFundamentals of nursing and midwifery research : _ba practical guide for evidence-based practice / _cLisa McKenna and Beverley Copnell. |
| 250 | _a2nd ed. | ||
| 263 | _a2402 | ||
| 264 | 1 |
_aAbingdon, Oxon ; _aNew York, NY : _bRoutledge, _c2024. |
|
| 300 | _axiv, 179p. | ||
| 336 |
_atext _btxt _2rdacontent |
||
| 337 |
_aunmediated _bn _2rdamedia |
||
| 338 |
_avolume _bnc _2rdacarrier |
||
| 500 | _aRevised edition of: Fundamentals of nursing and midwifery research / Lisa McKenna, Beverley Copnell. 2019. | ||
| 500 | _a"First edition published by Allen & Unwin 2019"-- CIP galley. | ||
| 504 | _aIncludes bibliographical references and index. | ||
| 520 |
_a"This book presents a unique approach to teaching the principles of health research using practical case studies with which nurses and midwives can engage to gain the skills to read and understand reports, evaluate the quality of research, synthesise different studies and be able to evaluate its effectiveness when applied to clinical practice. Throughout the book, activities, summaries and review questions help ground theory in real life scenarios, showing how evidence-based practice can be applied in every aspect of nursing and midwifery care. It is designed for nurses and midwives, from those just beginning their studies to qualified practitioners undertaking their first research projects"-- _cProvided by publisher. |
||
| 650 | 0 |
_aNursing _xResearch. |
|
| 650 | 0 |
_aMidwifery _xResearch. |
|
| 650 | 0 | _aEvidence-based nursing. | |
| 650 | 0 | _aMedical research personnel. | |
| 700 | 1 |
_aCopnell, Beverley, _eauthor. |
|
| 906 |
_a7 _bcbc _corignew _d1 _eecip _f20 _gy-gencatlg |
||
| 942 |
_2lcc _cBK |
||
| 999 |
_c44140 _d44140 |
||